| 000 | 01061nam a22003015i 4500 | ||
|---|---|---|---|
| 999 |
_c892 _d892 |
||
| 003 | EG-ScBUE | ||
| 005 | 20201019141154.0 | ||
| 008 | 150817t20022002enka f 001 0 eng d | ||
| 020 | _a0201596199 | ||
| 020 | _a9780201596199 | ||
| 040 |
_aEG-ScBUE _beng _erda _cEG-ScBUE _dEG-ScBUE |
||
| 082 | 0 | 4 |
_a621.3822 _bIFE _222 |
| 100 | 1 |
_aIfeachor, Emmanuel C., _eauthor. |
|
| 245 | 1 | 0 |
_aDigital signal processing : _ba practical approach / _cEmmanuel C. Ifeachor, University of Plymouth, Barrie W. Jervis, Sheffield Hallam University. |
| 250 | _aSecond edition. | ||
| 264 | 1 |
_aHarlow ; _bPearson Education / Prentice Hall, _c[2002] |
|
| 264 | 4 | _cc2002 | |
| 300 |
_axxiii, 933 pages : _billustrations ; _c24 cm |
||
| 336 |
_atext _btxt _2rdacontent |
||
| 337 |
_aunmediated _bn _2rdamedia |
||
| 338 |
_avolume _bnc _2rdacarrier |
||
| 504 | _aIncludes bibliographical references and index. | ||
| 650 | 7 |
_aSignal processing _xDigital techniques. _2BUEsh |
|
| 651 | _2BUEsh | ||
| 653 |
_bENGGEN _cAugust2015 |
||
| 700 | 1 |
_aJervis, Barrie W., _eauthor. |
|
| 942 |
_cBB _2ddc |
||